[Event "Creon op 14th"]
[Site "Creon"]
[Date "2009.08.01"]
[Round "8"]
[White "Gilles de la Londe, Jean Francois"]
[Black "Rollin, Philippe"]
[Result "0-1"]
[WhiteElo "1761"]
[BlackElo "2047"]
[PlyCount "63"]
[EventDate "2009.07.27"]
[EventType "swiss"]
[EventRounds "9"]
[EventCountry "FRA"]
[SourceTitle "CBM 131 Extra"]
[Source "ChessBase"]
[SourceDate "2009.09.03"]
[SourceVersion "2"]
[SourceVersionDate "2009.09.16"]
[SourceQuality "1"]

1. d4 d5 2. c4 e6 3. Nf3 c5 4. e3 Nf6 5. Nc3 Nc6 6. Bd3 dxc4 7. Bxc4 cxd4 8. exd4 Bd6 9. 0-0 0-0 10. a3 h6 11. b4 a6 12. Bb2 Qc7 13. Bd3 b5 14. Rc1 Bb7 15. Ne4 Nxe4 16. Bxe4 Qb6 17. d5 exd5 18. Bb1 Rae8 19. Qd3 g6 20. Qxd5 Ne5 21. Qb3 Nxf3+ 22. gxf3 Be5 23. Be4 Bxe4 24. Bxe5 Rxe5 25. fxe4 Rxe4 26. Qh3 Rfe8 27. Rc3 h5 28. Rg3 Kh7 29. Qd7 Qf6 30. Rd1 h4 31. Qh3 Kg7 32. Rf3 0-1

[Event "Creon op 13th"]
[Site "Creon"]
[Date "2008.07.30"]
[Round "4"]
[White "Lejarre, Ludovic"]
[Black "Gilles de la Londe, Jean Francois"]
[Result "1-0"]
[WhiteElo "2409"]
[BlackElo "1768"]
[PlyCount "35"]
[EventDate "2008.07.28"]
[EventType "swiss"]
[EventRounds "9"]
[EventCountry "FRA"]
[SourceTitle "CBM 125 Extra"]
[Source "ChessBase"]
[SourceDate "2008.09.01"]
[SourceVersion "1"]
[SourceVersionDate "2008.09.01"]
[SourceQuality "1"]

1. e4 c5 2. Nc3 Nc6 3. f4 d6 4. Nf3 e5 5. Bb5 Bg4 6. fxe5 dxe5 7. 0-0 Bd6 8. Bxc6+ bxc6 9. d3 Nf6 10. Qe1 Qc7 11. Be3 0-0 12. Qh4 Bxf3 13. Rxf3 Be7 14. Rh3 g6 15. Bg5 Nh5 16. Bxe7 Rfe8 17. Bxc5 Qd7 18. g4 1-0

[Event "Creon op 13th"]
[Site "Creon"]
[Date "2008.07.29"]
[Round "2"]
[White "Lebon, Joffrey"]
[Black "Gilles de la Londe, Jean Francois"]
[Result "1-0"]
[WhiteElo "1975"]
[BlackElo "1768"]
[PlyCount "43"]
[EventDate "2008.07.28"]
[EventType "swiss"]
[EventRounds "9"]
[EventCountry "FRA"]
[SourceTitle "CBM 125 Extra"]
[Source "ChessBase"]
[SourceDate "2008.09.01"]
[SourceVersion "1"]
[SourceVersionDate "2008.09.01"]
[SourceQuality "1"]

1. e4 c5 2. Nf3 Nc6 3. Bb5 g6 4. 0-0 Bg7 5. c3 a6 6. Ba4 b5 7. Bc2 Bb7 8. d4 cxd4 9. cxd4 e6 10. Bg5 Qb6 11. Be3 Qc7 12. Nc3 Nge7 13. d5 exd5 14. exd5 Ne5 15. d6 Bxf3 16. gxf3 Qb7 17. dxe7 Nxf3+ 18. Kh1 Bxc3 19. bxc3 Nd2+ 20. f3 Nxf1 21. Be4 Nxe3 22. Qd4 1-0

[Event "Creon op 11th"]
[Site "Creon"]
[Date "2006.08.02"]
[Round "4"]
[White "Gilles de la Londe, Jean Francois"]
[Black "Le Huec, Marc"]
[Result "0-1"]
[WhiteElo "1769"]
[BlackElo "2206"]
[PlyCount "60"]
[EventDate "2006.07.31"]
[EventType "swiss"]
[EventRounds "9"]
[EventCountry "FRA"]
[SourceTitle "CBM 113 Extra"]
[Source "ChessBase"]
[SourceDate "2006.09.14"]
[SourceVersion "1"]
[SourceVersionDate "2006.09.14"]
[SourceQuality "1"]

1. d4 Nf6 2. Bg5 Ne4 3. Bf4 d6 4. f3 Nf6 5. e4 g6 6. Nc3 Bg7 7. Bc4 0-0 8. Nge2 c6 9. Qd2 b5 10. Bd3 Nbd7 11. g4 e5 12. Be3 Re8 13. 0-0-0 Qa5 14. a3 Qc7 15. Ng3 Nxg4 16. fxg4 exd4 17. Nxb5 cxb5 18. Bh6 Be5 19. Kb1 Rb8 20. Rdf1 Nc5 21. Nh5 gxh5 22. gxh5 Kh8 23. Rhg1 Be6 24. Bf4 Rg8 25. Bxe5+ dxe5 26. Qh6 Qe7 27. Rxg8+ Rxg8 28. Bxb5 Qg5 29. Qxg5 Rxg5 30. b4 Nxe4 0-1

[Event "Montigny le Bretonneux Noel op 07th"]
[Site "Montigny le Bretonneux"]
[Date "2004.12.27"]
[Round "3"]
[White "Gilles de la Londe, Jean Francois"]
[Black "Mottet, Andre"]
[Result "1-0"]
[WhiteElo "1861"]
[BlackElo "1620"]
[PlyCount "51"]
[EventDate "2004.12.??"]
[EventType "swiss"]
[EventRounds "7"]
[EventCountry "FRA"]
[SourceTitle "EXT 2006"]
[Source "ChessBase"]
[SourceDate "2005.11.24"]
[SourceVersion "1"]
[SourceVersionDate "2005.11.24"]
[SourceQuality "1"]

1. d4 d5 2. c4 Nf6 3. Nf3 e6 4. Nc3 Bb4 5. a3 Bxc3+ 6. bxc3 0-0 7. Bg5 h6 8. Bh4 Nbd7 9. e3 Qe8 10. Qc2 c6 11. Bd3 dxc4 12. Bxc4 Nd5 13. 0-0 N7f6 14. e4 Nf4 15. Bg3 N6h5 16. Rae1 Nxg3 17. fxg3 Ng6 18. h4 Qe7 19. h5 Nh8 20. e5 f5 21. exf6 Rxf6 22. Ne5 Bd7 23. Nxd7 Rxf1+ 24. Kxf1 Rf8+ 25. Nxf8 Qxf8+ 26. Kg1 1-0

[Event "Reunion op 07th"]
[Site "Reunion"]
[Date "2004.10.11"]
[Round "4"]
[White "Hoarau, Jean Paul"]
[Black "Gilles de la Londe, Jean Francois"]
[Result "0-1"]
[WhiteElo "2058"]
[BlackElo "1720"]
[PlyCount "100"]
[EventDate "2004.10.09"]
[EventType "swiss"]
[EventRounds "9"]
[EventCountry "RUF"]
[SourceTitle "CBM 102 Extra"]
[Source "ChessBase"]
[SourceDate "2004.11.03"]
[SourceVersion "1"]
[SourceVersionDate "2004.11.03"]
[SourceQuality "1"]

1. e4 Nf6 2. Nc3 d5 3. e5 Ne4 4. d4 Bf5 5. Bd3 e6 6. Nge2 c5 7. dxc5 Bxc5 8. Bxe4 dxe4 9. Qxd8+ Kxd8 10. Bg5+ Kc7 11. 0-0 Nc6 12. Bf4 Rad8 13. a3 h6 14. Rad1 g5 15. Bg3 Rxd1 16. Rxd1 Rd8 17. Nb5+ Kb6 18. Rxd8 Nxd8 19. c4 a6 20. Nbc3 Kc6 21. b4 Ba7 22. Kf1 Kd7 23. f4 exf3 24. gxf3 Nc6 25. f4 gxf4 26. Bxf4 h5 27. Ng3 Bd3+ 28. Kg2 h4 29. Nh5 Bxc4 30. Ne4 Bb8 31. Nhf6+ Ke7 32. Bg5 Bxe5 33. Ng4+ Kf8 34. Nxe5 Nxe5 35. Nd6 Bd5+ 36. Kh3 Nf3 37. Bf6 e5 38. Nf5 e4 39. Ne3 Be6+ 40. Kg2 h3+ 41. Kg3 Bd7 42. Nc4 Kg8 43. Ne5 Bc6 44. Nxc6 bxc6 45. Kxh3 Kh7 46. Kg3 Kg6 47. Be7 f5 48. Bc5 Ne5 49. h3 Nc4 50. Kf4 Nxa3 0-1

[Event "Reunion op 07th"]
[Site "Reunion"]
[Date "2004.10.10"]
[Round "3"]
[White "Gilles de la Londe, Jean Francois"]
[Black "Caron, Antoine"]
[Result "1-0"]
[WhiteElo "1720"]
[BlackElo "1450"]
[PlyCount "71"]
[EventDate "2004.10.09"]
[EventType "swiss"]
[EventRounds "9"]
[EventCountry "RUF"]
[SourceTitle "CBM 102 Extra"]
[Source "ChessBase"]
[SourceDate "2004.11.03"]
[SourceVersion "1"]
[SourceVersionDate "2004.11.03"]
[SourceQuality "1"]

1. d4 Nf6 2. c4 g6 3. Nc3 d5 4. cxd5 Nxd5 5. e4 Nxc3 6. bxc3 Bg7 7. Bc4 c5 8. Ne2 0-0 9. Be3 cxd4 10. cxd4 Nc6 11. 0-0 Bg4 12. f3 Na5 13. Bd3 Be6 14. Qd2 Nc4 15. Bxc4 Bxc4 16. Rac1 b5 17. Rfd1 Rc8 18. d5 a6 19. Nd4 Qd6 20. Nc6 Rfe8 21. Qa5 Bb2 22. Rc2 Rxc6 23. Rxb2 Rcc8 24. Qd2 Rc7 25. Bf4 Qc5+ 26. Kh1 Rd7 27. Bh6 f6 28. Qc3 Kf7 29. g4 Rb8 30. Rbd2 b4 31. Qa1 g5 32. f4 Rg8 33. fxg5 fxg5 34. Qe5 Rg6 35. Qf5+ Rf6 36. Qxh7+ 1-0

[Event "Montigny le Bretonneux Noel op 06th"]
[Site "Montigny le Bretonneux"]
[Date "2003.12.30"]
[Round "6"]
[White "Gilles de la Londe, Jean Francois"]
[Black "Piot, Olivier"]
[Result "0-1"]
[WhiteElo "1610"]
[BlackElo "2247"]
[PlyCount "100"]
[EventDate "2003.12.26"]
[EventType "swiss"]
[EventRounds "6"]
[EventCountry "FRA"]
[SourceTitle "CBM 097 Extra"]
[Source "ChessBase"]
[SourceDate "2004.01.13"]
[SourceVersion "1"]
[SourceVersionDate "2004.01.13"]
[SourceQuality "1"]

1. d4 Nf6 2. Bg5 Ne4 3. Bf4 c5 4. d5 Qa5+ 5. c3 g6 6. f3 Nf6 7. e4 d6 8. Na3 Qc7 9. Bb5+ Bd7 10. Qa4 Bg7 11. Nh3 0-0 12. Bxd7 Nbxd7 13. 0-0 a6 14. Rac1 b5 15. Qd1 c4 16. Nf2 Nh5 17. Be3 e5 18. g4 Nhf6 19. b3 Qa5 20. Nc2 cxb3 21. axb3 Qxc3 22. Qd3 Rfc8 23. Bd2 Qxd3 24. Nxd3 Nc5 25. Nxc5 dxc5 26. h4 Bf8 27. Ne3 h5 28. g5 Nd7 29. f4 exf4 30. Rxf4 Bd6 31. Ng2 Re8 32. Re1 a5 33. Rff1 a4 34. bxa4 Rxa4 35. Bf4 Bxf4 36. Rxf4 b4 37. Ref1 Ne5 38. Ne3 Ra6 39. Rd1 Rd8 40. Rff1 c4 41. Rd4 Rc8 42. Kf2 b3 43. Kg3 c3 44. Kf4 Nd7 45. Rb4 Rb6 46. Rc4 Rxc4 47. Nxc4 Rb4 48. Nd6 b2 49. Nxf7 Kxf7 50. Ke3+ Ke7 0-1

[Event "Montigny le Bretonneux Noel op 06th"]
[Site "Montigny le Bretonneux"]
[Date "2003.12.29"]
[Round "5"]
[White "Laurent, Dominique"]
[Black "Gilles de la Londe, Jean Francois"]
[Result "0-1"]
[WhiteElo "2142"]
[BlackElo "1610"]
[PlyCount "132"]
[EventDate "2003.12.26"]
[EventType "swiss"]
[EventRounds "6"]
[EventCountry "FRA"]
[SourceTitle "CBM 097 Extra"]
[Source "ChessBase"]
[SourceDate "2004.01.13"]
[SourceVersion "1"]
[SourceVersionDate "2004.01.13"]
[SourceQuality "1"]

1. e4 c5 2. Nf3 Nc6 3. d4 cxd4 4. Nxd4 Nf6 5. Nc3 a6 6. Be2 e5 7. Nf5 d6 8. Ng3 Qb6 9. 0-0 Be7 10. Na4 Qa5 11. Nc3 Be6 12. Be3 Rd8 13. a3 d5 14. b4 Qc7 15. Nxd5 Nxd5 16. exd5 Bxd5 17. Qb1 0-0 18. Bd3 Be6 19. c3 g6 20. Bh6 Rfe8 21. Ne4 f5 22. Ng5 Bxg5 23. Bxg5 Ne7 24. c4 e4 25. Be2 Qe5 26. Qc1 Rd7 27. Bf4 Qf6 28. c5 Nc6 29. Bc4 Bxc4 30. Qxc4+ Qe6 31. Qxe6+ Rxe6 32. Rfd1 Rd3 33. Kf1 Nd4 34. Be3 Nc2 35. Rxd3 exd3 36. Rd1 Nxe3+ 37. fxe3 Rxe3 38. Rd2 f4 39. Kf2 g5 40. a4 Kf7 41. b5 axb5 42. axb5 Ke7 43. c6 bxc6 44. bxc6 Kd6 45. g3 Kxc6 46. h4 Rxg3 47. hxg5 Re3 48. Rd1 Kd5 49. Rh1 Re7 50. Kf3 Kd4 51. Rh6 Kc3 52. Rc6+ Kb4 53. Rd6 Kc3 54. Rc6+ Kd2 55. Rd6 Re3+ 56. Kxf4 Ke2 57. Rh6 Re7 58. Rh2+ Kd1 59. Rh1+ Kc2 60. Rh6 d2 61. Rc6+ Kd1 62. Rh6 Rc7 63. Ke3 Rc3+ 64. Kd4 Kc2 65. Rh2 Rg3 66. Ke4 Rxg5 0-1

[Event "Montigny le Bretonneux Noel op 06th"]
[Site "Montigny le Bretonneux"]
[Date "2003.12.27"]
[Round "2"]
[White "Boussaha, Bilal"]
[Black "Gilles de la Londe, Jean Francois"]
[Result "0-1"]
[WhiteElo "1199"]
[BlackElo "1610"]
[PlyCount "62"]
[EventDate "2003.12.26"]
[EventType "swiss"]
[EventRounds "6"]
[EventCountry "FRA"]
[SourceTitle "CBM 097 Extra"]
[Source "ChessBase"]
[SourceDate "2004.01.13"]
[SourceVersion "1"]
[SourceVersionDate "2004.01.13"]
[SourceQuality "1"]

1. e4 c5 2. c3 Nc6 3. d4 cxd4 4. cxd4 e6 5. Nf3 Nf6 6. e5 Nd5 7. Bc4 Bb4+ 8. Bd2 Bxd2+ 9. Qxd2 Nce7 10. Nc3 Nf5 11. 0-0 a6 12. Rad1 b5 13. Bb3 Bb7 14. Bc2 Nde7 15. Be4 Bxe4 16. Nxe4 Nd5 17. Nc3 Nb6 18. Ne4 0-0 19. b3 Nd5 20. Nc3 Nxc3 21. Qxc3 Rc8 22. Qd2 Ne7 23. Ng5 Nd5 24. Ne4 b4 25. Rc1 Qh4 26. Rfe1 a5 27. f3 Qf4 28. Qxf4 Nxf4 29. Nc5 Rfd8 30. Nxd7 Rxc1 31. Rxc1 Ne2+ 0-1

[Event "Montigny le Bretonneux Noel op 06th"]
[Site "Montigny le Bretonneux"]
[Date "2003.12.26"]
[Round "1"]
[White "Gilles de la Londe, Jean Francois"]
[Black "Billoire, Clement"]
[Result "0-1"]
[WhiteElo "1610"]
[BlackElo "2050"]
[PlyCount "56"]
[EventDate "2003.12.26"]
[EventType "swiss"]
[EventRounds "6"]
[EventCountry "FRA"]
[SourceTitle "CBM 097 Extra"]
[Source "ChessBase"]
[SourceDate "2004.01.13"]
[SourceVersion "1"]
[SourceVersionDate "2004.01.13"]
[SourceQuality "1"]

1. d4 d5 2. c4 e6 3. Nf3 Nf6 4. Nc3 Be7 5. e3 0-0 6. a3 a5 7. Qc2 Nbd7 8. Bd3 c5 9. cxd5 exd5 10. dxc5 Nxc5 11. 0-0 b6 12. Rd1 Bb7 13. Bc4 Bd6 14. Ba2 Rc8 15. Qf5 g6 16. Qh3 Nce4 17. Nb5 Bb8 18. Bd2 Rc2 19. b4 Nxd2 20. Rxd2 Rxd2 21. Nxd2 axb4 22. axb4 Ne4 23. Nxe4 dxe4 24. Nd4 Qd6 25. Qg4 Qxh2+ 26. Kf1 Qh1+ 27. Ke2 Qxa1 28. Bxf7+ Rxf7 0-1

[Event "Montigny le Bretonneux Noel op 05th"]
[Site "Montigny le Bretonneux"]
[Date "2002.12.31"]
[Round "7.15"]
[White "Goujon, Antoine"]
[Black "Gilles de la Londe, Jean Francois"]
[Result "1/2-1/2"]
[WhiteElo "1760"]
[BlackElo "1660"]
[PlyCount "52"]
[EventDate "2002.12.??"]
[EventType "swiss"]
[EventRounds "7"]
[EventCountry "FRA"]
[SourceTitle "EXT 2004"]
[Source "ChessBase"]
[SourceDate "2003.11.25"]
[SourceVersion "1"]
[SourceVersionDate "2003.11.25"]
[SourceQuality "1"]

1. e4 c5 2. Nf3 d6 3. d4 cxd4 4. Nxd4 Nf6 5. Nc3 a6 6. Be3 Ng4 7. Bg5 h6 8. Bc1 b5 9. Ndxb5 Qb6 10. Qf3 Ne5 11. Qg3 axb5 12. Bxb5+ Bd7 13. Be3 Qb7 14. f4 Ng6 15. a4 Bxb5 16. Nxb5 Qxb5 17. axb5 Rxa1+ 18. Kd2 Rxh1 19. Ba7 Nd7 20. b6 Nxb6 21. Bxb6 e5 22. Qc3 f6 23. Qc8+ Kf7 24. Qc4+ Ke8 25. Qc8+ Kf7 26. Qc4+ Ke8 1/2-1/2

[Event "Montigny le Bretonneux Noel op 05th"]
[Site "Montigny le Bretonneux"]
[Date "2002.12.28"]
[Round "3.16"]
[White "Guillot, Alain"]
[Black "Gilles de la Londe, Jean Francois"]
[Result "1-0"]
[WhiteElo "1780"]
[BlackElo "1660"]
[PlyCount "71"]
[EventDate "2002.12.??"]
[EventType "swiss"]
[EventRounds "7"]
[EventCountry "FRA"]
[SourceTitle "EXT 2004"]
[Source "ChessBase"]
[SourceDate "2003.11.25"]
[SourceVersion "1"]
[SourceVersionDate "2003.11.25"]
[SourceQuality "1"]

1. c4 e5 2. Nc3 Nf6 3. g3 c6 4. Bg2 Bc5 5. e3 0-0 6. Nge2 d5 7. cxd5 cxd5 8. 0-0 Nc6 9. a3 a6 10. b4 Ba7 11. Bb2 b5 12. Rc1 Ne7 13. d4 e4 14. Qb3 g5 15. Rc2 Bg4 16. f3 exf3 17. Bxf3 Bxf3 18. Rxf3 Kg7 19. Nc1 Qd7 20. Rcf2 Ng4 21. Rf1 Qe6 22. Nd1 Rac8 23. Nd3 Rc6 24. Nc5 Qc8 25. h3 Nh6 26. g4 Nxg4 27. Rg3 Nh6 28. Rxg5+ Rg6 29. Rxg6+ hxg6 30. e4 dxe4 31. d5+ Kg8 32. Qc3 Bxc5+ 33. bxc5 f6 34. Rxf6 Rxf6 35. Qxf6 Qxc5+ 36. Bd4 1-0

[Event "Montigny le Bretonneux op 1st"]
[Site "Montigny le Bretonneux"]
[Date "2002.10.29"]
[Round "5"]
[White "Gilles de la Londe, Jean Francois"]
[Black "Couronne, Patrice"]
[Result "0-1"]
[WhiteElo "1660"]
[BlackElo "1640"]
[PlyCount "84"]
[EventDate "2002.10.25"]
[EventType "swiss"]
[EventRounds "9"]
[EventCountry "FRA"]
[SourceTitle "EXT 2008"]
[Source "ChessBase"]
[SourceDate "2007.11.25"]
[SourceVersion "1"]
[SourceVersionDate "2007.11.25"]
[SourceQuality "1"]

1. d4 Nf6 2. Bg5 e6 3. e4 Be7 4. Nc3 d6 5. Bd3 Nbd7 6. Qd2 c6 7. 0-0-0 b5 8. f4 Qa5 9. Bxf6 Nxf6 10. b3 d5 11. exd5 Bb4 12. Nge2 Nxd5 13. Kb2 Bd7 14. Be4 0-0 15. Bxd5 cxd5 16. Qd3 Rac8 17. Nb1 Rc6 18. c3 Bd6 19. b4 Qc7 20. g3 a5 21. a3 Rc8 22. Rd2 axb4 23. cxb4 f6 24. Nbc3 Rc4 25. Kb3 Be8 26. Qe3 Qe7 27. Ra1 Ra8 28. Rda2 Kf7 29. f5 Bc6 30. fxe6+ Qxe6 31. Qf3 Bc7 32. Nf4 Qd7 33. Qh5+ Kg8 34. Nfxd5 Rxd4 35. Nxc7 Qxc7 36. Re2 g6 37. Qc5 Rc4 38. Nd5 Qd8 39. Ne7+ Kg7 40. Qe3 Re4 41. Qxe4 Bxe4 42. Rxe4 Qd3+ 0-1

[Event "Montigny le Bretonneux op 1st"]
[Site "Montigny le Bretonneux"]
[Date "2002.10.27"]
[Round "3"]
[White "Gilles de la Londe, Jean Francois"]
[Black "Couradin, Bruno"]
[Result "0-1"]
[WhiteElo "1660"]
[BlackElo "1660"]
[PlyCount "139"]
[EventDate "2002.10.25"]
[EventType "swiss"]
[EventRounds "9"]
[EventCountry "FRA"]
[SourceTitle "EXT 2008"]
[Source "ChessBase"]
[SourceDate "2007.11.25"]
[SourceVersion "1"]
[SourceVersionDate "2007.11.25"]
[SourceQuality "1"]

1. d4 b5 2. Bg5 Bb7 3. e3 c6 4. Nf3 h5 5. Bd3 Qc7 6. Nbd2 d6 7. Bf4 Nd7 8. c3 0-0-0 9. 0-0 f6 10. h4 e5 11. dxe5 fxe5 12. Bg3 Be7 13. a4 a6 14. Qe2 Nh6 15. Rfc1 Rhf8 16. b4 Nf5 17. Ne4 d5 18. axb5 dxe4 19. Bxe4 Nxg3 20. fxg3 axb5 21. c4 Nf6 22. Bf5+ Nd7 23. cxb5 Rxf5 24. Ra7 Qb6 25. Rxb7 Qxb7 26. bxc6 Qb6 27. cxd7+ Kxd7 28. b5 Bc5 29. Kh2 Ke7 30. e4 Rf6 31. Nxe5 Kf8 32. Qxh5 Kg8 33. Nf3 Be3 34. Ng5 Bxg5 35. Qxg5 Rdf8 36. Qd5+ Qe6 37. Rc6 Qxd5 38. exd5 Rf5 39. Rd6 Rb8 40. b6 Kf8 41. g4 Re5 42. g5 Ke7 43. Rg6 Kf7 44. Rd6 Re4 45. Kh3 Rb4 46. Rd7+ Kg8 47. Rc7 R4xb6 48. Kg4 Rd6 49. Rc5 Rb2 50. Kf5 Re2 51. g3 g6+ 52. Kf4 Re1 53. Kf3 Re5 54. Rc8+ Kf7 55. Rc7+ Ke8 56. Rg7 Kf8 57. Rh7 Rexd5 58. Ra7 Rd3+ 59. Kg4 R6d4+ 60. Kh3 Re3 61. Ra6 Kf7 62. Rf6+ Kg7 63. Kg2 Rg4 64. Rf3 Rxf3 65. Kxf3 Ra4 66. g4 Kf7 67. h5 gxh5 68. gxh5 Rh4 69. h6 Kg6 70. Kg3 0-1

[Event "Uzes op"]
[Site "Uzes"]
[Date "1989.??.??"]
[Round "1"]
[White "Lebel, Patrick"]
[Black "Gilles de la Londe, Jean Francois"]
[Result "1-0"]
[WhiteElo "2270"]
[BlackElo "1760"]
[PlyCount "79"]
[EventDate "1989.??.??"]
[EventType "swiss"]
[EventRounds "9"]
[EventCountry "FRA"]
[SourceTitle "EXT 1997"]
[Source "ChessBase"]
[SourceDate "1996.11.15"]
[SourceVersion "1"]
[SourceVersionDate "1996.11.15"]
[SourceQuality "1"]

1. d4 Nf6 2. Nf3 d5 3. Bf4 e6 4. e3 c6 5. Nbd2 Bd6 6. Ne5 Qe7 7. Bd3 Nbd7 8. c3 Bxe5 9. dxe5 Ng8 10. Nf3 f6 11. Qc2 fxe5 12. Nxe5 Nxe5 13. Bxe5 Nf6 14. h3 Bd7 15. g4 c5 16. Rg1 c4 17. Be2 Ne4 18. g5 Qf7 19. f3 Nc5 20. Bd6 Nd3+ 21. Bxd3 cxd3 22. Qg2 Bc6 23. 0-0-0 d4 24. Rxd3 Bxf3 25. Qg3 dxe3 26. Rf1 e2 27. Rfxf3 Qd7 28. Rfe3 Qf7 29. Rxe2 0-0-0 30. Qe5 Qf5 31. Qxe6+ Qxe6 32. Rxe6 Rhe8 33. Rxe8 Rxe8 34. Bc5 a6 35. Bd4 g6 36. Re3 Rxe3 37. Bxe3 Kd7 38. Kd2 Ke6 39. Kd3 Kd5 40. Bf4 1-0